Statistiques concernant Élimination par Catégorie - Pays #2

Cliquez ici pour prendre le quiz!

Statistiques générales

  • Ce quiz a été pris 3 555 fois
  • Le résultat moyen est 7 sur 10

Statistiques - réponses

Groupe#Catégorie% Correct
Vert45Pays en Europe
100%
Vert19... avec une capitale de 6 lettres ou moins
98%
Jaune43Pays de plus de 600 000 km²
92%
Vert7... qui ne contient pas la lettre A
90%
Vert3... avec littoral
77%
Jaune16... avec moins de 30 millions d'habitants
75%
Jaune9... commençant par une lettre entre A et M
72%
Vert1... et de moins de 200 000 km²Lettonie
40%
Jaune4... de 6 lettres ou moins
30%
Jaune1... et dont le drapeau n'a pas d'étoileMali
11%

Distribution des résultats

Percentile par nombre de réponses

% des personnes avec chaque résultat

Votre développement - résultats

Vous n’avez pas pris ce quiz